header

Radical gestures (Record no. 88824)

MARC details
000 -LEADER
fixed length control field 01569nam a2200385Ia 4500
100 1# - MAIN ENTRY--AUTHOR NAME
Personal name Wark, Jayne,
245 10 - TITLE STATEMENT
Title Radical gestures
260 ## - PUBLICATION, DISTRIBUTION, ETC. (IMPRINT)
Place of publication Montreal :
Name of publisher McGill-Queen's University Press,
Year of publication c2006.
300 ## - PHYSICAL DESCRIPTION
Number of Pages xv, 285 p. :
Other physical details ill., ports.
650 #0 - SUBJECT ADDED ENTRY--TOPICAL TERM
Topical Term Feminism and art
Topical Term Feminism and art
Topical Term Performance art
Topical Term Performance art
Topical Term Women performance artists
Topical Term Women performance artists
856 40 - ELECTRONIC LOCATION AND ACCESS
Uniform Resource Identifier http://site.ebrary.com/lib/rucke/Doc?id=10558957

No items available.

© 2026 Rongo University
Contact us: librarian | system librarian | Rongo university